[Event "4th AIMAG Women"]
[Site "Incheon KOR"]
[Date "2013.07.01"]
[Round "3.1"]
[White "Hou Yifan"]
[Black "Sukandar,I"]
[Result "1-0"]
[WhiteElo "2595"]
[BlackElo "2364"]

1.e4 c5 2.Nc3 Nc6 3.Bb5 Nd4 4.Nf3 Nxb5 5.Nxb5 a6 6.Nc3 b5 7.d4 e6 8.Be3 Bb7
9.dxc5 Rc8 10.O-O Nf6 11.e5 Ng4 12.b4 Nxe3 13.fxe3 Be7 14.Qd4 f5 15.e4 O-O
16.exf5 Rxf5 17.Nd2 Rxf1+ 18.Rxf1 Qe8 19.Nde4 Bc6 20.Nf6+ gxf6 21.exf6 Bxf6
22.Rxf6 Qh5 23.h4 Rf8 24.Rxf8+ Kxf8 25.Nd1 Qg6 26.Ne3 Ke7 27.Qe5 Qf6 28.Qxf6+ Kxf6
29.Kf2 Ke5 30.g3 Be4 31.c3 Bc6 32.Ke2 Ke4 33.a3 Ke5 34.c4 bxc4 35.Nxc4+ Kd4
36.Nd6 Kc3 37.g4 e5 38.g5 Bd5 39.h5 Kb3 40.h6 Kxa3 41.g6 Bg8 42.Ne4  1-0

[Event "TCh-MNE Prem 2013"]
[Site "Cetinje MNE"]
[Date "2013.07.02"]
[Round "9.6"]
[White "Cerovic,Z"]
[Black "Popadic,Dr"]
[Result "0-1"]
[WhiteElo "2131"]
[BlackElo "2203"]

1.e4 c5 2.Nf3 Nc6 3.Nc3 e5 4.Bc4 Be7 5.Nd5 Nf6 6.Nxe7 Qxe7 7.d3 h6 8.O-O d6
9.h3 O-O 10.c3 Be6 11.Re1 Kh7 12.Bxe6 fxe6 13.d4 Rad8 14.Qd3 b6 15.d5 Nb8
16.c4 Nh5 17.Nh2 Qf7 18.f3 exd5 19.cxd5 Qg6 20.a4 Qe8 21.Bd2 a5 22.Rf1 Kg8
23.Ng4 Rd7 24.Qb5 Qd8 25.Ne3 Rff7 26.Nf5 Nf6 27.g4 Ne8 28.Kg2 Kh7 29.h4 Nf6
30.Qd3 Ng8 31.Qe3 Na6 32.Kh3 Nb4 33.Rac1 Qf8 34.h5 Qe8 35.Rg1 Rf8 36.Rg3 Nf6
37.Bxb4 axb4 38.b3 Kg8 39.Kg2 Nh7 40.g5 Nxg5 41.Rxg5 hxg5 42.Qxg5 Qd8 43.Qg4 Rf6
44.Rg1 Rdf7 45.h6 Rxf5 46.exf5 Qf6 47.h7+ Kh8 48.Kf2 Qxf5 49.Qxf5 Rxf5 50.Ke3 Kxh7
51.a5 bxa5 52.Ra1 Rf4  0-1

[Event "8th Vladimir Dvorkovich Cup"]
[Site "Moscow RUS"]
[Date "2013.07.02"]
[Round "7.16"]
[White "Choladze,M"]
[Black "Beinenson,Katsiaryna"]
[Result "1-0"]
[WhiteElo "1932"]
[BlackElo "1982"]

1.e4 c5 2.Nf3 Nc6 3.Nc3 e5 4.Bc4 Be7 5.d3 Nf6 6.Nd2 O-O 7.Nf1 d6 8.Ne3 Nd7
9.a4 Bg5 10.Ned5 Bxc1 11.Qxc1 Nb6 12.Ba2 Kh8 13.O-O Nd4 14.Qd2 f5 15.f4 exf4
16.Nxf4 Bd7 17.a5 Nc8 18.Ncd5 Ne7 19.c3 Ndc6 20.b4 cxb4 21.cxb4 Ne5 22.Rae1 Nxd5
23.Bxd5 Rb8 24.d4 Nc6 25.e5 dxe5 26.dxe5 g5 27.e6 Qf6 28.Nh5 Qd4+ 29.Qxd4+ Nxd4
30.exd7 Rbd8 31.Re7 f4 32.Nf6 Rxf6 33.Re8+ Rf8 34.Rxf8+ Rxf8 35.Re1  1-0

[Event "11th Niki Open 2013"]
[Site "Nachod CZE"]
[Date "2013.07.02"]
[Round "4.28"]
[White "Krticka,Vaclav"]
[Black "Michel,L"]
[Result "1-0"]
[WhiteElo "1661"]
[BlackElo "1865"]

1.e4 c5 2.Nc3 Nc6 3.Nf3 d6 4.d4 cxd4 5.Nxd4 e5 6.Nxc6 bxc6 7.Bc4 Qh4 8.Be3 f5
9.g3 Qd8 10.Bxg8 Rxg8 11.Qh5+ g6 12.Qxh7 Rg7 13.Qh8 Bb7 14.exf5 gxf5 15.Qh5+ Kd7
16.f4 Qf6 17.O-O-O Kc7 18.Qe2 a5 19.Rd2 a4 20.a3 Rg8 21.Rhd1 Be7 22.Qf2 Rgb8
23.fxe5 dxe5 24.Bc5 e4 25.Qf4+ Kc8 26.Bxe7 Qxe7 27.Rd8+ Qxd8 28.Rxd8+ Kxd8
29.g4  1-0

[Event "IsBank TCh-TUR 2013"]
[Site "Denizli TUR"]
[Date "2013.07.03"]
[Round "5.7"]
[White "Yilmazyerli,M"]
[Black "Kart,Melih"]
[Result "1-0"]
[WhiteElo "2352"]
[BlackElo "1753"]

1.e4 c5 2.Nf3 Nc6 3.Nc3 d6 4.d4 cxd4 5.Nxd4 e5 6.Nf5 Bxf5 7.exf5 Nge7 8.Bg5 Qd7
9.Bxe7 Bxe7 10.Nd5 Rc8 11.Bd3 Nd4 12.c3 Nxf5 13.Qb3 Rc5 14.Bb5 Rxb5 15.Qxb5 Qc6
16.Qd3 Qd7 17.Rd1 g6 18.O-O O-O 19.Rfe1 Bg5 20.Rxe5 Re8 21.Ree1 Re6 22.c4 b6
23.Qc3 Qa4 24.f4 Bh6 25.b3 Qc6 26.Qf3 Nd4 27.Qf2 Qc5 28.Rxe6 Nxe6 29.f5 gxf5
30.Ne7+ Kf8 31.Nxf5 Bf4 32.Qxc5 dxc5 33.Rd7 Ke8 34.Rxa7 Bc7 35.Ng7+ Kd7 36.Nxe6 fxe6
37.Kf2 Kc6 38.Rxc7+ Kxc7 39.Ke3 Kd6 40.Ke4 Kd7 41.Ke5 Ke7 42.a3 Kd7 43.b4 cxb4
44.axb4 Ke7 45.g4  1-0

[Event "4th Kiryat Ono Open A"]
[Site "Kiryat Ono ISR"]
[Date "2013.07.03"]
[Round "4.8"]
[White "Axelrod,A"]
[Black "Kraus,Yair"]
[Result "1-0"]
[WhiteElo "2350"]
[BlackElo "1978"]

1.e4 c5 2.Nc3 Nc6 3.Bb5 Nd4 4.Bc4 e6 5.Nf3 Nf6 6.O-O a6 7.Re1 b5 8.Bf1 Bb7
9.d3 Be7 10.Nxd4 cxd4 11.Ne2 Qb6 12.c3 dxc3 13.Nxc3 Bc5 14.Be3 Bd4 15.e5 Bxe3
16.Rxe3 Nd5 17.Nxd5 Bxd5 18.Qg4 g6 19.Rc1 h5 20.Qf4 Qd8 21.h4 Kf8 22.d4 Kg7
23.Bd3 Qe7 24.Rg3 Rac8 25.Ra1 Rc6 26.Rg5 d6 27.a4 b4 28.a5 b3 29.Re1 dxe5
30.dxe5 Qd8 31.Re3 Rh6 32.Reg3 Rc5 33.Be2 Qxa5 34.Qf6+ Kg8 35.Bxh5 Rc1+ 36.Kh2 Be4
37.Rxb3 Rc8 38.Qf4 Qd5 39.Rbg3 Rh7 40.Be2 a5 41.h5 Bf5 42.b3 Rd8 43.Bg4 Bb1
44.Rh3 Qd2 45.Qf6 Rd4 46.hxg6 Rxh3+ 47.Bxh3 Bxg6 48.Bxe6 Rh4+ 49.Kg3  1-0

[Event "Klatov Open A 2013"]
[Site "Klatovy CZE"]
[Date "2013.07.03"]
[Round "5.28"]
[White "Hacaperka,M"]
[Black "Vesely,Roman1"]
[Result "1/2-1/2"]
[WhiteElo "1853"]
[BlackElo "1899"]

1.e4 c5 2.Nc3 Nc6 3.Bb5 e6 4.Bxc6 bxc6 5.d3 e5 6.Nge2 Nf6 7.O-O d6 8.Bg5 Be7
9.f4 Ng4 10.Bxe7 Qxe7 11.Rf3 exf4 12.Nxf4 Ne5 13.Rg3 O-O 14.Qh5 Ng6 15.Nxg6 fxg6
16.Qg5 Qxg5 17.Rxg5 Be6 18.b3 a5 19.Na4 Rf4 20.Rf1 Raf8 21.Rxf4 Rxf4 22.Rg3 Bg4
23.Re3 Bd1 24.c3 Bc2 25.e5  1/2-1/2

[Event "IsBank TCh-TUR 2013"]
[Site "Denizli TUR"]
[Date "2013.07.04"]
[Round "7.9"]
[White "Ozer,Omer Faruk"]
[Black "Cingoz,O"]
[Result "1/2-1/2"]
[WhiteElo "1871"]
[BlackElo "1876"]

1.e4 c5 2.Nf3 Nc6 3.Nc3 d6 4.d4 cxd4 5.Nxd4 Nf6 6.Bg5 e6 7.Qd2 Be7 8.O-O-O O-O
9.f3 a6 10.g4 Nxd4 11.Qxd4 Qa5 12.Bd2 Qc7 13.h4 b5 14.h5 Nd7 15.g5 Qc5 16.Be3 Qxd4
17.Rxd4 Bb7 18.Be2 Rfd8 19.Rhd1 Rac8 20.a4 bxa4 21.Rxa4 Nc5 22.Rb4 Rc7 23.Na4 Nxa4
24.Rxa4 Rc6 25.Rb4 Rd7 26.Kb1 d5 27.Ra4 Kf8 28.exd5 Rxd5 29.Rxd5 exd5 30.Bd3 g6
31.hxg6 fxg6 32.Rh4 Kg8 33.f4 Bc8 34.Rh1 Bc5 35.Bxc5 Rxc5 36.Re1 Rc7 37.Kc1 Kf7
38.Kd2 Rc6 39.c3 Be6 40.Ra1 Bc8 41.Ra5 Ke6 42.Ke3 Bb7 43.Kd4 Rc8 44.Ra1 Rf8
45.Ke3 Kd6 46.b4 Re8+ 47.Kd4 Rf8 48.Rf1 Bc8 49.Rf2 Rf7 50.Bf1 Rc7 51.Rh2 Re7
52.Bd3 Rf7 53.Ke3 Re7+ 54.Kd4 Rf7 55.Rh4 Re7 56.Rh6 Rf7 57.Rh4 Re7 58.Rh2 Rf7
59.Rf2 Re7 60.f5 Bxf5 61.Bxf5 Rf7 62.Ra2 Rxf5 63.Rxa6+ Kc7 64.Ra7+ Kc6 65.Rxh7 Rxg5
66.Rf7  1/2-1/2

[Event "Karvina Open 2013"]
[Site "Karvina CZE"]
[Date "2013.07.04"]
[Round "6.10"]
[White "Kolar,St"]
[Black "Novosadova,K"]
[Result "1/2-1/2"]
[WhiteElo "2058"]
[BlackElo "2179"]

1.Nf3 c5 2.e4 Nc6 3.Nc3 e5 4.Bc4 Be7 5.d3 Nf6 6.O-O d6 7.h3 O-O 8.Be3 Na5
9.Qe2 a6 10.a4 Bd7 11.Nd2 Qc7 12.f4 Bc6 13.b3 Rab8 14.Nd5 Nxd5 15.Bxd5 exf4
16.Bxf4 Bf6 17.Rab1 Rbe8 18.Qg4 Bd4+ 19.Kh2 b5 20.axb5 axb5 21.Nf3 Bc3 22.Nh4 Kh8
23.Nf5 Nb7 24.e5 g6 25.Bxc6 Qxc6 26.Nxd6 Nxd6 27.exd6 Be5 28.Bxe5+ Rxe5 29.d4 Re4
30.Qg3 Rxd4 31.Rbd1 Qd5 32.Rxd4 Qxd4 33.Re1 Rd8 34.Qe5+ Kg8 35.Qxd4 cxd4
36.Re5 Rxd6 37.Rxb5 Rc6  1/2-1/2

[Event "Styrian Open A 2013"]
[Site "Bad Gleichenberg AUT"]
[Date "2013.07.06"]
[Round "1.1"]
[White "Perunovic,Mil"]
[Black "Weiss,L"]
[Result "1-0"]
[WhiteElo "2620"]
[BlackElo "2170"]

1.e4 c5 2.Nc3 Nc6 3.Bb5 g6 4.Bxc6 bxc6 5.d3 Bg7 6.f4 d5 7.Bd2 e5 8.fxe5 Bxe5
9.Nf3 Bg4 10.O-O Bd4+ 11.Kh1 Ne7 12.h3 h5 13.Na4 Qd6 14.Qe1 dxe4 15.Nxd4 cxd4
16.Bf4 Qd5 17.c4 dxc3 18.Nxc3 Qd4 19.Nxe4 O-O-O 20.Qa5 Qb6 21.Qxb6 axb6 22.Nd6+ Kd7
23.hxg4 hxg4+ 24.Kg1 Rh7 25.Ne4 Nd5 26.Bg5 Rdh8 27.Nf6+ Nxf6 28.Bxf6 Rh1+
29.Kf2 Rxf1+ 30.Rxf1 Ra8  1-0

[Event "6th ch-Cent SRB Int 2013"]
[Site "Paracin SRB"]
[Date "2013.07.06"]
[Round "2.16"]
[White "Sarenac,D"]
[Black "Stojanovski,D"]
[Result "0-1"]
[WhiteElo "2311"]
[BlackElo "2439"]

1.e4 c5 2.Nc3 Nc6 3.Bb5 Nd4 4.Nf3 g6 5.Nxd4 cxd4 6.Ne2 Bg7 7.O-O Nf6 8.Bd3 O-O
9.b3 e5 10.c3 d5 11.exd5 Nxd5 12.cxd4 exd4 13.Ba3 Re8 14.Rc1 Bd7 15.Rc5 Bc6
16.b4 a6 17.Qb3 Qd7 18.Bb2 Nc7 19.Rcc1 Ne6 20.Rfe1 Ng5 21.Ng3 Rxe1+ 22.Rxe1 Bxg2
23.Rc1 Bc6 24.Be2 Re8 25.Rc5 Nh3+ 26.Kf1 Nf4  0-1

[Event "Pacific Southwest Op"]
[Site "Los Angeles USA"]
[Date "2013.07.07"]
[Round "5"]
[White "Peters,Ja"]
[Black "Krishnan,V"]
[Result "0-1"]
[WhiteElo "2360"]
[BlackElo "2240"]

1.e4 c5 2.Nf3 Nc6 3.Nc3 d6 4.d4 cxd4 5.Nxd4 Nf6 6.Be2 e5 7.Nb3 Be7 8.O-O O-O
9.Be3 a5 10.Bf3 a4 11.Nd2 a3 12.b3 Nb4 13.Nc4 Ra6 14.Bc1 d5 15.exd5 Bf5 16.Nxa3 Bc5
17.Na4 Rxa4 18.bxa4 e4 19.Be2 Nfxd5 20.Bd2 Qf6 21.Kh1 Rd8 22.Qc1 h6 23.c3 Nd3
24.Bxd3 exd3 25.Nc4 Qh4 26.f4 Nf6 27.Ne5 Ne4 28.Be1 Qh5 29.Qd1 Qe2 30.Bh4 f6
31.Qb3+ Kh7 32.Nf3 d2 33.Rad1 Rd3 34.Qxb7 Rxf3 35.gxf3 Nd6 36.Qd5 Bh3 37.Bf2 Bxf2
38.Qxd2 Qxf3+  0-1

[Event "3rd SPAChess Open"]
[Site "Amsterdam NED"]
[Date "2013.07.08"]
[Round "3.7"]
[White "Von Meijenfeldt,Bart"]
[Black "Bosboom,M"]
[Result "1-0"]
[WhiteElo "2184"]
[BlackElo "2398"]

1.e4 c5 2.Nc3 Nc6 3.Nge2 h5 4.d4 cxd4 5.Nxd4 Nf6 6.Bg5 Qa5 7.Bxf6 gxf6 8.Nf5 Qb4
9.Ne3 e6 10.Nc4 Ne5 11.a3 Qc5 12.Nxe5 Qxe5 13.Qd3 h4 14.O-O-O a6 15.Ne2 b5
16.Kb1 Rb8 17.f3 Rb6 18.Nd4 b4 19.a4 Bg7 20.a5 Qxa5 21.Qc4 O-O 22.Qc7 f5
23.exf5 Be5 24.Qc4 b3 25.Nxb3 Qb4 26.Bd3 Qxc4 27.Bxc4 Rb4 28.Rhe1 d6 29.Re4 exf5
30.Bxf7+ Kxf7 31.Rxb4 f4 32.Nc1 Rg8 33.Rb8 h3 34.gxh3 a5 35.Nd3 Bd4 36.Nxf4 Be5
37.Ne2 Rg2 38.f4 Rxe2 39.fxe5 Bf5 40.Rxd6 Bxc2+ 41.Kc1 Be4 42.Rc8  1-0

[Event "Styrian Open A 2013"]
[Site "Bad Gleichenberg AUT"]
[Date "2013.07.08"]
[Round "3.19"]
[White "Schweitzer,W"]
[Black "Weiss,L"]
[Result "0-1"]
[WhiteElo "2049"]
[BlackElo "2170"]

1.e4 c5 2.Nc3 Nc6 3.Bb5 g6 4.f4 Bg7 5.Nf3 d6 6.Bxc6+ bxc6 7.d3 Nf6 8.O-O O-O
9.Qe1 d5 10.Bd2 Rb8 11.b3 dxe4 12.Ne5 Ng4 13.Nxc6 Qd6 14.Ne5 Qd4+ 15.Kh1 e3
16.Bc1 Bxe5 17.fxe5 Qxe5 18.g3 Nf2+ 19.Kg1 Nh3+ 20.Kg2 Bb7+ 21.Ne4 f5  0-1

[Event "120th ch-SCO 2013"]
[Site "Helensburgh SCO"]
[Date "2013.07.08"]
[Round "3.19"]
[White "Scott,Ian"]
[Black "McClement,A"]
[Result "1/2-1/2"]
[WhiteElo "1717"]
[BlackElo "2169"]

1.e4 c5 2.Nc3 Nc6 3.Bb5 Nd4 4.Bc4 g6 5.Nge2 Bg7 6.Nxd4 cxd4 7.Qf3 Nh6 8.d3 O-O
9.Ne2 Qb6 10.Bb3 d6 11.h3 Kh8 12.O-O f5 13.Qg3 e5 14.Bxh6 Bxh6 15.Qh4 Bg7
16.f4 fxe4 17.fxe5 Bf5 18.e6 Bf6 19.Qh6 exd3 20.cxd3 Bxd3 21.Nf4 Bg7 22.Qh4 Bf6
23.Qh6 Be4 24.Rae1 d3+ 25.Kh1 Qc6 26.Rc1 Bg7 27.Qh4 Rxf4 28.Qxf4 Bxg2+ 29.Kg1 Be5
30.Rxc6 Bxf4 31.Kxg2 bxc6 32.Rxf4 Re8 33.Rf7 d5 34.Rxa7 Rxe6 35.Ra6 d2 36.Kf2 Re1
37.Rxc6 d1=Q 38.Bxd1 Rxd1  1/2-1/2

[Event "ch-BEL Open 2013"]
[Site "Antwerp BEL"]
[Date "2013.07.09"]
[Round "4.29"]
[White "Sterck,Arno"]
[Black "Vanhee,F"]
[Result "0-1"]
[WhiteElo "1850"]
[BlackElo "1966"]

1.e4 c5 2.Nc3 Nc6 3.Bb5 a6 4.Bxc6 dxc6 5.d3 e5 6.f4 Bd6 7.Nf3 Qc7 8.O-O Bg4
9.h3 Bxf3 10.Qxf3 Nf6 11.f5 h5 12.Qg3 Rh7 13.Bg5 Be7 14.a4 a5 15.Qf2 b6 16.Qg3 O-O-O
17.Be3 h4 18.Qf2 Kb7 19.Rfd1 Nh5 20.Ne2 Rg8 21.c3 g5 22.d4 cxd4 23.cxd4 g4
24.hxg4 Rxg4 25.dxe5 h3 26.g3 Bh4 27.Rd6 Bxg3 28.Nxg3 Rxg3+ 29.Kf1 Rg2  0-1

[Event "6th ch-Cent SRB Int 2013"]
[Site "Paracin SRB"]
[Date "2013.07.09"]
[Round "6.43"]
[White "Popovic,Milan S"]
[Black "Tisma,I"]
[Result "1/2-1/2"]
[WhiteElo "2212"]
[BlackElo "2096"]

1.e4 c5 2.Nc3 Nc6 3.Bb5 Nd4 4.Bc4 d6 5.Nge2 Nf6 6.d3 g6 7.O-O Bg7 8.Nxd4 cxd4
9.Ne2 d5 10.Bb5+ Bd7 11.Bxd7+ Nxd7 12.exd5 Nb6 13.c4 dxc3 14.Nxc3 O-O 15.Qb3 Bxc3
16.bxc3 Qxd5 17.c4 Qc6 18.Be3 Rfd8 19.Rfd1 e5 20.Rab1 Rd7 21.Bxb6  1/2-1/2

[Event "Polugaevsky Mem 2013"]
[Site "Samara RUS"]
[Date "2013.07.09"]
[Round "8.6"]
[White "Fedorov,Alex"]
[Black "Yuffa,D"]
[Result "1-0"]
[WhiteElo "2578"]
[BlackElo "2373"]

1.e4 c5 2.Nc3 Nc6 3.Bb5 e6 4.Bxc6 bxc6 5.f4 d5 6.d3 f6 7.Nf3 Ne7 8.Qe2 Ng6
9.exd5 cxd5 10.f5 Ne7 11.fxe6 Qb6 12.O-O Qxe6 13.Qf2 Qc6 14.Bd2 Bd7 15.a4 a6
16.a5 Ng6 17.Rae1+ Be7 18.Nh4 Kf7 19.Qe2 Rae8 20.Qh5 c4 21.Nf3 Bd6 22.Rxe8 Bxe8
23.d4 Kg8 24.Qxd5+ Qxd5 25.Nxd5 Ba4 26.Bb4 Bb8 27.Rf2 Kf7 28.Nb6 Bb5 29.Nd2 Ba7
30.c3 Bxb6 31.axb6 Rb8 32.Bc5 Ne7 33.Bxe7 Kxe7 34.Rf5 Rxb6 35.Rc5 Kd7 36.Kf2 Rc6
37.Rf5 Rc8 38.g4 Ke6 39.Ne4 h6 40.Ke3 Rb8 41.Rc5 Be8 42.Rxc4 Rxb2 43.Rc7 Rxh2
44.Rxg7 Bb5 45.Rc7 Rc2 46.Rc5 Re2+ 47.Kf3 Rc2 48.Kf4 Rc1 49.d5+ Ke7 50.Rc7+ Kd8
51.d6 Rf1+ 52.Kg3 Rg1+ 53.Kf2 Rd1 54.c4 Bd7 55.c5 Bxg4 56.Nxf6 Bh3 57.Ke2 Rf1
58.Rf7  1-0

[Event "3rd SPAChess Open"]
[Site "Amsterdam NED"]
[Date "2013.07.11"]
[Round "6.9"]
[White "Willemze,T"]
[Black "Van Osch,Mees"]
[Result "1-0"]
[WhiteElo "2420"]
[BlackElo "2177"]

1.e4 c5 2.Nc3 Nc6 3.Nf3 d6 4.d4 cxd4 5.Nxd4 Nf6 6.h3 e5 7.Nde2 Be7 8.g4 h5
9.g5 Nd7 10.Rg1 Nb6 11.Nd5 Be6 12.Nec3 Qd7 13.Be3 Bd8 14.a4 Bxh3 15.Nxb6 Bxb6
16.Bxb6 axb6 17.Bb5 Kf8 18.Nd5 Bg4 19.f3 Bxf3 20.Qxf3 Nd4 21.Bxd7 Nxf3+ 22.Kf2 Nxg1
23.Rxg1 h4 24.Nxb6 Ra6 25.Nd5 h3 26.b3 Rh5 27.Rh1 h2 28.Bg4 Rh8 29.Kg3 Ra8
30.Rxh2 Rxh2 31.Kxh2 g6 32.Kg3 Kg7 33.c4 Rh8 34.Kg2 Rh4 35.Nf6 Rh8 36.a5 Ra8
37.b4 Kf8 38.Nd5 Ra7 39.Kf3 Ra8 40.Nb6 Ra7 41.Nc8 Ra6 42.Bd7 Ra8 43.Ke3 Rb8
44.Kd3 Kg7 45.Nxd6 Rd8 46.Ne8+ Kf8 47.Nf6 Ke7 48.c5 Rh8 49.Kc4 Rh1 50.Bc8 Rc1+
51.Kb5  1-0

[Event "V4 Int Open ch-SVK 2013"]
[Site "Banska Stiavnica SVK"]
[Date "2013.07.11"]
[Round "6.44"]
[White "Giertli,V"]
[Black "Rabovszky,G"]
[Result "0-1"]
[WhiteElo "2093"]
[BlackElo "1923"]

1.e4 c5 2.Nf3 Nc6 3.Nc3 Nf6 4.e5 Ng4 5.Qe2 f6 6.exf6 Nxf6 7.g3 d5 8.Bg2 Bg4
9.h3 Nd4 10.Qd1 Bh5 11.g4 Bg6 12.d3 Qa5 13.Bd2 Qb6 14.Nxd4 cxd4 15.Nxd5 Nxd5
16.Bxd5 O-O-O 17.Bg2 e5 18.a4 Be7 19.a5 Qd6 20.O-O Be8 21.a6 Bc6 22.axb7+ Kxb7
23.f4 Bxg2 24.Kxg2 Qc6+ 25.Qf3 Qxf3+ 26.Rxf3 exf4 27.Bxf4 Rhf8 28.Re1 Rd7
29.Be5 Rxf3 30.Kxf3 Bh4 31.Re2 Kc6 32.Ke4 Re7 33.Kxd4 Bf6 34.Re4 Rxe5 35.Rxe5 Kd6
36.Ke4 Bxe5 37.d4 Bg3 38.b4 a6 39.Kd3 Be1 40.Kc4 Bd2 41.h4 Be1 42.h5 Bd2
43.c3 Be1 44.Kd3 Kc6 45.Kc4 Bg3 46.Kd3 Kb5 47.Ke4 Kc4 48.Kf5 Kxc3 49.d5 Kxb4
50.Ke6 Kc5 51.Kf7 Be5  0-1

[Event "43rd Nat Jun ch-IND U19"]
[Site "Lucknow IND"]
[Date "2013.07.11"]
[Round "3.6"]
[White "Lokesh,P"]
[Black "Yashas,D"]
[Result "1-0"]
[WhiteElo "2239"]
[BlackElo "2169"]

1.e4 c5 2.Nf3 Nc6 3.Nc3 e5 4.Bc4 d6 5.d3 Be7 6.O-O Nf6 7.Ng5 O-O 8.f4 exf4
9.Bxf4 h6 10.Nf3 Be6 11.Nd5 Bxd5 12.Bxd5 Nxd5 13.exd5 Ne5 14.Bxe5 dxe5 15.c4 Bd6
16.Nd2 g6 17.g4 Kh7 18.Kh1 f5 19.gxf5 gxf5 20.Qe2 Qh4 21.Rf2 Rae8 22.Raf1 Qg5
23.Rg1 Qh4 24.Rgf1 Qg5 25.Rf3 b6 26.Rg3 Qh4 27.Qg2 e4 28.Rg7+ Kh8 29.Rg1 Be5
30.d6 Bxd6 31.Rh7+  1-0

[Event "Commonwealth & RSA Open"]
[Site "Port Elizabeth RSA"]
[Date "2013.07.11"]
[Round "8.3"]
[White "Tiviakov,S"]
[Black "Cawdery,D"]
[Result "1-0"]
[WhiteElo "2654"]
[BlackElo "2345"]

1.e4 c5 2.Nc3 Nc6 3.Nge2 g6 4.d4 cxd4 5.Nxd4 Bg7 6.Be3 Nf6 7.Be2 O-O 8.Nb3 d6
9.O-O Be6 10.f4 Qc8 11.Kh1 Rd8 12.Nd4 Bg4 13.Nxc6 bxc6 14.Rb1 d5 15.e5 d4
16.exf6 Bxe2 17.Qxe2 Bxf6 18.Ne4 dxe3 19.Qxe3 Bd4 20.Qf3 e6 21.a4 Qc7 22.b3 Rd5
23.Nd2 Rad8 24.Nc4 c5 25.Rfe1 Bg7 26.g3 Rd4 27.Re4 Qd7 28.Kg2 h5 29.Rbe1 Rd5
30.R1e2 Rd1 31.h3 Rd5 32.g4 hxg4 33.hxg4 Rd1 34.f5 exf5 35.gxf5 Bd4 36.Re7 Qd5
37.Qxd5 Rxd5 38.c3 Bg1 39.Re1  1-0

[Event "ch-BEL Open 2013"]
[Site "Antwerp BEL"]
[Date "2013.07.12"]
[Round "7.11"]
[White "Van Mechelen,J"]
[Black "Devolder,Dieter"]
[Result "1-0"]
[WhiteElo "2188"]
[BlackElo "1960"]

1.e4 c5 2.Nc3 Nc6 3.Bb5 Nd4 4.Bc4 e6 5.Nge2 Nxe2 6.Qxe2 d6 7.O-O Ne7 8.f4 Nc6
9.d3 Be7 10.Be3 O-O 11.a3 a6 12.Qd2 b5 13.Ba2 Bd7 14.Rf3 Nd4 15.Rh3 f5 16.Ne2 Nxe2+
17.Qxe2 Qe8 18.Re1 Qf7 19.Bd2 c4 20.dxc4 Rac8 21.c3 bxc4 22.Bxc4 d5 23.exd5 Bc5+
24.Be3 exd5 25.Bxa6 Rce8 26.Qd2 Bxe3+ 27.Rhxe3 Bc6 28.Rxe8 Rxe8 29.Rxe8+ Qxe8
30.Qe2 Qd7 31.Qe3 Ba4 32.Be2 Bc2 33.Qd4 Qe6 34.Kf2 Bb3 35.Qb4 Bc4 36.Qb8+ Kf7
37.Bh5+ g6 38.Bf3 Qe7 39.b3 Qh4+ 40.g3 Qxh2+ 41.Bg2 Bd3 42.Qc7+ Ke8 43.Qe5+ Kf8
44.Qf6+ Ke8 45.Qh4  1-0

[Event "36th Barbera Open"]
[Site "Barbera del Valles ESP"]
[Date "2013.07.12"]
[Round "9.19"]
[White "Alonso Moyano,J"]
[Black "Salazar,Au"]
[Result "1-0"]
[WhiteElo "2420"]
[BlackElo "2200"]

1.e4 c5 2.Nc3 Nc6 3.Bb5 Nd4 4.Bc4 e6 5.Nge2 Nf6 6.O-O a6 7.d3 b5 8.Bb3 Nxb3
9.axb3 Bb7 10.Bg5 h6 11.Bh4 Be7 12.Qe1 g5 13.Bg3 h5 14.f4 h4 15.fxg5 hxg3
16.gxf6 Bxf6 17.Qxg3 Qe7 18.Nxb5 axb5 19.Rxa8+ Bxa8 20.Qb8+ Qd8 21.Qf4 Rg8
22.Qxf6 Qxf6 23.Rxf6 Ke7 24.Rf2 Bc6 25.b4 d5 26.e5 d4 27.g3 Rh8 28.h4 cxb4
29.Nxd4 Bd5 30.Nxb5 Rh5 31.d4 Rh8 32.Kh2 Rb8 33.c4 Bc6 34.g4 Bxb5 35.cxb5 Rxb5
36.Rc2 b3 37.Rc4 f5 38.gxf5 exf5 39.Kg3 Rb8 40.d5 Rd8 41.Rc7+ Ke8 42.d6 Ra8
43.Kf4 Kd8 44.Rh7  1-0

[Event "EY Boys Teams 2013"]
[Site "Maribor SLO"]
[Date "2013.07.12"]
[Round "7"]
[White "Tesik,C"]
[Black "Bratkovic,Jakob"]
[Result "1-0"]
[WhiteElo "2341"]
[BlackElo "1990"]

1.e4 c5 2.Nf3 Nc6 3.Nc3 a6 4.a4 e6 5.g3 d5 6.d3 Be7 7.Bg2 dxe4 8.Nxe4 Nf6
9.Nfd2 Nxe4 10.Nxe4 O-O 11.Be3 Qb6 12.O-O f5 13.Nd2 Qxb2 14.Nc4 Qf6 15.Bxc6 bxc6
16.Bf4 g5 17.Be5 Qh6 18.Qf3 Bd7 19.Rab1 Be8 20.Rb7 Bf6 21.Re1 Bxe5 22.Rxe5 Rc8
23.Qe3 Qh5 24.Nd6 Rd8 25.Nxe8 Rdxe8 26.Rxe6 Rxe6 27.Qxe6+ Rf7 28.Rxf7 Qxf7
29.Qxc6 Qa2 30.Qxa6 Qb1+ 31.Kg2 g4 32.Qc8+ Kg7 33.Qxf5  1-0

[Event "6th ch-Cent SRB Int 2013"]
[Site "Paracin SRB"]
[Date "2013.07.12"]
[Round "9.12"]
[White "Kadric,D"]
[Black "Brankovic,De"]
[Result "1-0"]
[WhiteElo "2459"]
[BlackElo "2359"]

1.e4 c5 2.Nc3 Nc6 3.Bb5 Nd4 4.Nf3 Nxf3+ 5.Qxf3 a6 6.Bc4 e6 7.a4 Ne7 8.O-O Nc6
9.d3 Nd4 10.Qd1 g6 11.f4 Bg7 12.e5 d5 13.exd6 Qxd6 14.Ne4 Qc7 15.c3 Nf5 16.a5 Nd6
17.Nxd6+ Qxd6 18.Qb3 O-O 19.Be3 Rd8 20.Qb6 Bf8 21.Qxd6 Bxd6 22.d4 cxd4 23.Bxd4 Bd7
24.Bb6 Rdc8 25.Be2 Bc5+ 26.Bxc5 Rxc5 27.c4 g5 28.b4 Rf5 29.fxg5 Rxg5 30.Rfb1 Bc6
31.Bf1 f5 32.b5 Be4 33.Rd1 h5 34.Rd6 Kf7 35.bxa6 Rxa6 36.Rxa6 bxa6 37.c5 Bc6
38.Ra2 f4 39.Bxa6 h4 40.h3 e5 41.Bc8 e4 42.a6 Rxc5 43.Rb2 Ke7 44.Bb7 Kd6
45.Bxc6 Rxc6 46.Ra2 Rc8 47.a7 Ra8 48.Ra5 Kc6 49.Kf2 Kb6 50.Ra4 f3 51.gxf3 exf3
52.Kxf3 Kb7 53.Kg4 Rg8+ 54.Kxh4 Ka8 55.Kh5 Rh8+ 56.Kg4 Rg8+ 57.Kf5 Rf8+ 58.Kg6 Rg8+
59.Kf7 Rg1 60.h4 Rh1 61.Kg6 Rg1+ 62.Kh6 Rg2 63.h5 Rg1 64.Kh7 Rg2 65.h6 Rh2
66.Ra6  1-0

[Event "28th Gniot Mem 2013"]
[Site "Police POL"]
[Date "2013.07.12"]
[Round "3.14"]
[White "Maniocha,A"]
[Black "Maliszewski,J"]
[Result "1-0"]
[WhiteElo "2118"]
[BlackElo "1781"]

1.e4 c5 2.Nf3 Nc6 3.Nc3 g6 4.g3 Bg7 5.Bg2 d6 6.O-O Bg4 7.h3 Be6 8.d3 Nf6
9.Be3 Qc8 10.Kh2 h5 11.Ng5 Bd7 12.Qd2 Ng8 13.f4 Nh6 14.Rae1 Ng4+ 15.hxg4 hxg4+
16.Kg1 f6 17.e5 fxg5 18.exd6 gxf4 19.Bxf4 Bd4+ 20.Be3 e5 21.Bxd4 cxd4 22.Qg5 Bf5
23.Bxc6+ Qxc6 24.Qe7+  1-0

[Event "12th Condom Open"]
[Site "Condom FRA"]
[Date "2013.07.13"]
[Round "1.1"]
[White "Cornette,M"]
[Black "Delay,G"]
[Result "1-0"]
[WhiteElo "2578"]
[BlackElo "2049"]

1.e4 c5 2.Nc3 Nc6 3.Bb5 g6 4.Bxc6 bxc6 5.d3 Bg7 6.f4 d5 7.Nf3 e6 8.O-O Ne7
9.e5 Qa5 10.Bd2 c4 11.dxc4 Qc5+ 12.Kh1 Qxc4 13.b3 Qa6 14.Na4 O-O 15.Bb4 Re8
16.Qd2 Bf8 17.Qc3 Nf5 18.Bxf8 Rxf8 19.g4 Ne7 20.Nd4 Qb7 21.Nc5 Qb6 22.Rf3 Rd8
23.Rg1 Rb8 24.a3 Bd7 25.f5 exf5 26.gxf5 Kf8 27.e6 Bc8 28.fxg6 Nxg6 29.Rxf7+ Kg8
30.Qh3  1-0

[Event "12th Condom Open"]
[Site "Condom FRA"]
[Date "2013.07.13"]
[Round "1.1"]
[White "Cornette,M"]
[Black "Delay,G"]
[Result "1-0"]
[WhiteElo "2578"]
[BlackElo "2049"]

1.e4 c5 2.Nc3 Nc6 3.Bb5 g6 4.Bxc6 bxc6 5.d3 Bg7 6.f4 d5 7.Nf3 e6 8.O-O Ne7
9.e5 Qa5 10.Bd2 c4 11.dxc4 Qc5+ 12.Kh1 Qxc4 13.b3 Qa6 14.Na4 O-O 15.Bb4 Re8
16.Qd2 Bf8 17.Qc3 Nf5 18.Bxf8 Rxf8 19.g4 Ne7 20.Nd4 Qb7 21.Nc5 Qb6 22.Rf3 Rd8
23.Rg1 Rb8 24.a3 Bd7 25.f5 exf5 26.gxf5 Kf8 27.e6 Be8 28.fxg6 Nxg6 29.Rxf7+ Kg8
30.Qh3  1-0

[Event "7th LCT 2013"]
[Site "Leiden NED"]
[Date "2013.07.13"]
[Round "2.26"]
[White "Braggaar,P"]
[Black "Van Halderen,H"]
[Result "1/2-1/2"]
[WhiteElo "1987"]
[BlackElo "2071"]

1.e4 c5 2.Nc3 Nc6 3.Nf3 d6 4.h3 Nf6 5.Bb5 Bd7 6.d3 a6 7.Bxc6 Bxc6 8.O-O e6
9.Re1 Be7 10.Ne2 O-O 11.Ng3 Qc7 12.c3 b5 13.Qc2 Rac8 14.Bf4 Qb7 15.Nh2 Rfe8
16.Ng4 Nxg4 17.hxg4 Bh4 18.Nf1 e5 19.Bg3 Bg5 20.f3 a5 21.Qf2 Bd8 22.Qc2 Re6
23.Bf2 Qe7 24.Ng3 Qf8 25.Nf5 d5 26.Rad1 d4 27.c4 g6 28.Ng3 Bg5 29.Re2 bxc4
30.Qxc4 Qe8 31.b3 Bb5 32.Qc2 a4 33.Be1 Qc6 34.Bd2 Be7 35.Bc1 Qa6 36.Qd2 Bh4
37.Nf1 Bd8 38.Ng3 Ba5 39.Qc2 Bb4 40.Nh1 Ra8 41.g3 axb3 42.axb3 Qa7 43.Rh2 c4
44.Nf2 cxd3 45.Nxd3 Rc6 46.Qb2 Bxd3 47.Rxd3 Rc3 48.Qb1 Qa1 49.Qxa1 Rxa1 50.Rxc3 Bxc3
51.Rc2 Rb1 52.Kf2 Rxb3 53.Ke2 Kg7 54.g5 Bb4 55.Ra2 d3+ 56.Kf2 Rb1 57.Bd2 Bc5+
58.Kg2 Rg1+ 59.Kh3 Rf1 60.Bc3 f6 61.gxf6+ Kxf6 62.f4 Rc1 63.Bxe5+ Ke7 64.Rd2 Re1
65.Rxd3 Rxe4  1/2-1/2

[Event "Minsk Open 2013"]
[Site "Minsk BLR"]
[Date "2013.07.13"]
[Round "1.14"]
[White "Meribanov,V"]
[Black "Andreev,Ed BLR"]
[Result "1-0"]
[WhiteElo "2433"]
[BlackElo "1833"]

1.e4 c5 2.Nc3 Nc6 3.Nf3 d6 4.d4 cxd4 5.Nxd4 Nf6 6.Bg5 e6 7.Qd2 a6 8.O-O-O h6
9.Be3 Bd7 10.f3 Qc7 11.g4 Be7 12.Kb1 O-O-O 13.Qf2 Ne5 14.Nb3 Bc6 15.Bb6 Qb8
16.Bxd8 Rxd8 17.Na5 Be8 18.Nc4 Nxc4 19.Bxc4 Qc7 20.Bb3 Bc6 21.Ba4 b5 22.Bb3 Nd7
23.Ne2 Nc5 24.Nd4 Bb7 25.a3 Kb8 26.Ba2 Qb6 27.Nb3 d5 28.exd5 Bxd5 29.Nxc5 Bxc5
30.Qe2 Qd6 31.Bxd5 exd5 32.Rd3 Kb7 33.Rhd1 Qc6 34.Qe5 f6 35.Qf5 d4 36.c3 Rd5
37.Qg6 Qd7 38.cxd4 Bd6 39.Qe4 Bf8 40.Rc3 b4 41.axb4 Bxb4 42.Rc4 a5 43.Rdc1 Kb6
44.Rc7 Qd6  1-0